Statystyki dla Państwa amerykańskie bez wybrzeża Atlantyku

Kliknij tutaj aby rozwiązać quiz!

Ogólne statystyki

  • Ten quiz został rozwiązany 7 426 razy
  • Średni wynik to 4 z 5

Statystyki odpowiedzi

Państwo% Poprawnych
Boliwia
83%
Paragwaj
80%
Peru
80%
Ekwador
77%
Salwador
59%

Rozkład punktacji

Percentyl według liczby udzielonych odpowiedzi

Procent ludzi z każdym wynikiem

Twoja historia wyników

Nie rozwiązałeś tego quizu